Suicidio o supervivencia de occidente?: estudio para comprender los problemas de nuestro tiempo
Salvato in:
| Autore principale: | |
|---|---|
| Natura: | Libro |
| Lingua: | spagnolo |
| Pubblicazione: |
Bilbao
Desclée de Brouwer
1968
|
| Serie: | Colección Nuestro Tiempo
|
| Soggetti: | |
| Tags: |
Aggiungi Tag
Nessun Tag, puoi essere il primo ad aggiungerne!!
|
MARC
| LEADER | 00000nam a2200000 a 4500 | ||
|---|---|---|---|
| 001 | UCL4098 | ||
| 003 | CL-VaPUC | ||
| 008 | 031231e19680000SP |||||||||||||||||spa|d | ||
| 082 | 0 | 4 | |a 261.8 |b LEB |2 21 |
| 100 | |a Lebret, Louis-Joseph |e author |9 481616 | ||
| 245 | 1 | 0 | |a Suicidio o supervivencia de occidente?: estudio para comprender los problemas de nuestro tiempo |
| 300 | |a 471 p | ||
| 942 | |c BK | ||
| 945 | |d 20031231 00:00:00 |a rbrito | ||
| 260 | |a Bilbao |b Desclée de Brouwer |c 1968 | ||
| 650 | 0 | |a Teología social |9 326726 | |
| 650 | 0 | |a Capitalismo |9 255255 | |
| 650 | 0 | |a Desarrollo económico |9 259599 | |
| 650 | 7 | |a HAMBRE |2 CL-VaPUC |9 316139 | |
| 650 | 7 | |a MARXISMO |2 CL-VaPUC |9 481617 | |
| 650 | 0 | |a Países en desarrollo |9 259663 | |
| 583 | |a last modification |c 20031231 00:00:00 |k Rodrigo Vera | ||
| 490 | 0 | |a Colección Nuestro Tiempo | |
| 999 | |c 307042 |d 307040 | ||
| 952 | |0 0 |1 0 |4 0 |6 261_800000000000000_LEB_1968 |7 0 |8 A |9 372517 |a BIBTEO |b BIBTEO |d 2019-11-21 |i 208631K |o 261.8 LEB 1968 |p 208631K |r 2025-01-17 |w 2019-11-21 |y BK |k ICR | ||